00696nam a2200229 i 4500001001100000003000500011005001700016008004100033020001800074040002500092082001700117245003900134264005400173300004800227336002100275337002500296338002300321490003100344650002700375700003300402830003100435C2-0294804PPAK20180728030454.0090224s2009 my a|||| ||||| | may d a9789833797363 aPPAKbengcPPAKerda04a630.959522300aDasar kerajaan memajukan pertanian 1aPetaling Jaya, Selangor : bPintar Firus , c2009 a44 pages : bcolour illustrations ; c26 cm 2rdacontentatext 2rdamediaaunmediated 2rdacarrieravolume1 aSektor pertanian alaf baru10aAgriculture - Malaysia0 aMuhammad Ali Atan, ecompile 0aSektor pertanian alaf baru